La Bretagne de A à Z - Statistiques

Statistiques générales
  • Ce quiz a été pris 120 fois
  • Le résultat moyen est 8 sur 26
Statistiques - réponses
Lettre Question Réponse % Correct
A Océan qui baigne l'ouest de la région Atlantique
99%
C On peut y voir des alignements remarquables Carnac
85%
H Animal ayant donné le motif principal du blason breton Hermine
74%
O Climat de la Bretagne Océanique
67%
Q Cette ville s'est développée autour d'un gué sur l'Odet Quimper
67%
D Grand port sardinier du Finistère Douarnenez
62%
P En géographie, la Bretagne en est une Péninsule
54%
M Poisson qu'allaient pêche les Terre-neuvas Morue
47%
B Ile principale d'un archipel situé au large de Ploubazlanec Bréhat
44%
E Métal très présent dans le sous-sol Etain
42%
L Roi de France qui épouse la dernière duchesse de Bretagne Louis XII
37%
Z Pour un Saint-Cyrien, dont l'école se trouve en Bretagne, un cheval est un zèbre
23%
G 1er port artisanal de France en valeur débarquée... Guilvinec
19%
Y Bernard Hinault y est né Yffiniac
17%
T Saint ayant fondé l'évêché de Tréguier Tugdual
13%
V En 56 avant J.C. ce peuple est vaincu sur mer par les Romains Venètes
13%
N Nom qu'on donne au vent du nord-ouest Noroît
12%
U En 1830, la plupart des électeurs bretons appartiennent à ce courant du royalismes. Ce sont des Ultras
12%
X Autrefois le X était la dernière lettre d'une célèbre entreprise de volaille à Châteaulin nommée. Doux
9%
K Le dolmen de Tri-men-de-Castello se trouve dans cette commune Kervignac
6%
F Auteur du Livre des Manières. Etienne de Fougères
5%
S Roi de Bretagne assassiné en 874 Salomon
5%
R Point culminant de la région Roc'h Ruz
4%
J Roi du VIe siècle qui signe une paix avec Dagobert 1er Judicaël
3%
W Chef breton qui tient tête aux troupes mérovingiennes Waroch
1%
I Roi viking de Bretagne de 912 à 937 Incon
0%
Aucun quiz correspondant
Distribution des résultats
% des personnes avec chaque résultat
Percentile par nombre de réponses
Votre historique - résultats
Vous n’avez pas pris ce quiz